| 000 -LEADER |
| fixed length control field |
01255cas a2200397 a 4500 |
| 001 - CONTROL NUMBER |
| control field |
13066823 |
| 005 - DATE AND TIME OF LATEST TRANSACTION |
| control field |
20180308040347.0 |
| 008 - FIXED-LENGTH DATA ELEMENTS--GENERAL INFORMATION |
| fixed length control field |
030123c20039999miugr 0 a0eng c |
| 010 ## - LIBRARY OF CONGRESS CONTROL NUMBER |
| LC control number |
2003214743 |
| 015 ## - NATIONAL BIBLIOGRAPHY NUMBER |
| National bibliography number |
0784666165 |
| 016 7# - NATIONAL BIBLIOGRAPHIC AGENCY CONTROL NUMBER |
| Record control number |
101221793 |
| Source |
DNLM |
| 022 0# - INTERNATIONAL STANDARD SERIAL NUMBER |
| International Standard Serial Number |
1543-2556 |
| Source |
1 |
| 035 ## - SYSTEM CONTROL NUMBER |
| System control number |
(OCoLC)ocm51508421 |
| 037 ## - SOURCE OF ACQUISITION |
| Source of stock number/acquisition |
Gale Thomson, 27500 Drake Rd., Farmington Hills, MI 48331-3535 |
| Terms of availability |
$34.00 (single issue) |
| 040 ## - CATALOGING SOURCE |
| Original cataloging agency |
NSD |
| Language of cataloging |
eng |
| Transcribing agency |
NSD |
| Modifying agency |
DLC |
| -- |
SWV |
| -- |
IUL |
| -- |
NLM |
| -- |
TJC |
| -- |
IUL |
| -- |
OCLCQ |
| -- |
IUL |
| -- |
OCLCF |
| -- |
OCLCO |
| -- |
OCLCQ |
| -- |
OCLCO |
| 041 ## - LANGUAGE CODE |
| Language code of text/sound track or separate title |
eng |
| 042 ## - AUTHENTICATION CODE |
| Authentication code |
nsdp |
| -- |
pcc |
| 043 ## - GEOGRAPHIC AREA CODE |
| Geographic area code |
n-us--- |
| 060 00 - NATIONAL LIBRARY OF MEDICINE CALL NUMBER |
| Classification number |
W1 |
| Item number |
HE302S |
| 080 ## - UNIVERSAL DECIMAL CLASSIFICATION NUMBER |
| Universal Decimal Classification number |
616 BAR |
| 082 10 - DEWEY DECIMAL CLASSIFICATION NUMBER |
| Classification number |
616 BAR |
| Edition number |
13 |
| 100 ## - Rafti |
| Rafti |
4 |
| 101 ## - Shkurtesa |
| Shkurtesa |
SHK |
| 222 #4 - KEY TITLE |
| Key title |
The health care system |
| 245 04 - TITLE STATEMENT |
| Title |
The health care system : |
| 310 ## - CURRENT PUBLICATION FREQUENCY |
| Current publication frequency |
Biennial |
| 362 0# - DATES OF PUBLICATION AND/OR SEQUENTIAL DESIGNATION |
| Dates of publication and/or sequential designation |
2003 ed.- |
| 776 08 - ADDITIONAL PHYSICAL FORM ENTRY |
| Display text |
Online version: |
| Title |
Health care system |
| Record control number |
(OCoLC)688568300 |
| 780 01 - PRECEDING ENTRY |
| Title |
Health, a concern for every American |
| International Standard Serial Number |
1534-1623 |
| Record control number |
(DLC)sn 88021843 |
| -- |
(OCoLC)15599266 |
| 906 ## - LOCAL DATA ELEMENT F, LDF (RLIN) |
| a |
7 |
| b |
cbc |
| c |
serials |
| d |
2 |
| e |
ncip |
| f |
20 |
| g |
n-oclcserc |
| 942 ## - ADDED ENTRY ELEMENTS (KOHA) |
| Source of classification or shelving scheme |
|
| Item type |
Books |